[Event "GRE-ch rapid"]
[Site "Ioannina"]
[Date "2024.08.17"]
[Round "2"]
[White "Basios, Athanasios"]
[Black "Alexakis, Dimitris"]
[Result "0-1"]
[WhiteElo "1874"]
[BlackElo "2435"]
[PlyCount "71"]
[EventDate "2024.08.17"]
[EventType "swiss (rapid)"]
[EventRounds "9"]
[EventCountry "GRE"]
[SourceTitle "CBM 221 Extra"]
[Source "ChessBase"]
[SourceDate "2024.09.30"]
[SourceVersion "1"]
[SourceVersionDate "2024.09.30"]
[SourceQuality "1"]

1. d4 Nf6 2. Nf3 c5 3. d5 b5 4. e4 Nxe4 5. a4 b4 6. Be3 Bb7 7. Bc4 g6 8. Nbd2 Nf6 9. Bxc5 Nxd5 10. Bd4 Nf6 11. Bxf6 exf6 12. 0-0 Be7 13. Re1 0-0 14. Nb3 d5 15. Bb5 a6 16. Bf1 Nc6 17. a5 Qc7 18. g3 Rfd8 19. Nfd4 Ne5 20. Bg2 f5 21. Qe2 Bf6 22. Rab1 Nc4 23. c3 Qd6 24. Qd3 h5 25. h4 f4 26. Re2 Ne5 27. Qd2 fxg3 28. fxg3 bxc3 29. bxc3 Bc8 30. Qf4 Kg7 31. Rf1 Ng4 32. Qxd6 Rxd6 33. Nc5 Rb8 34. Re8 Bxd4+ 35. cxd4 Nf6 36. Re3 0-1

[Event "EU-ch Cities&Town op"]
[Site "Tornelo INT"]
[Date "2023.01.29"]
[Round "?"]
[White "Yedid, Lior"]
[Black "Basios, Athanasios"]
[Result "1-0"]
[WhiteElo "1521"]
[BlackElo "1860"]
[PlyCount "69"]
[EventDate "2023.01.29"]
[EventType "team-swiss"]
[EventRounds "9"]
[EventCountry "NET"]
[SourceTitle "CBM 212 Extra"]
[Source "ChessBase"]
[SourceDate "2023.03.31"]
[SourceVersion "1"]
[SourceVersionDate "2023.03.31"]
[SourceQuality "1"]
[WhiteTeam "London U18"]
[BlackTeam "Ioannina"]
[WhiteTeamCountry "ENG"]
[BlackTeamCountry "GRE"]

1. e4 e5 2. f4 exf4 3. Nf3 Ne7 4. d4 d5 5. Nc3 dxe4 6. Nxe4 Ng6 7. Bd3 Be7 8. 0-0 0-0 9. Ne1 Qxd4+ 10. Kh1 Nc6 11. Bxf4 Nxf4 12. Rxf4 f5 13. Nf3 Qd8 14. Ng3 g6 15. Bc4+ Kg7 16. Bd5 Bf6 17. Bxc6 bxc6 18. c3 Be6 19. Nd4 Bd5 20. Qa4 Be5 21. Rf3 Bxf3 22. Ne6+ Kh8 23. Nxd8 Bxg2+ 24. Kxg2 Raxd8 25. Rd1 Rd5 26. Rxd5 cxd5 27. Qc6 Rd8 28. Ne2 g5 29. Nd4 f4 30. Ne6 Rg8 31. Qxd5 Bf6 32. Qf5 Rg6 33. Nf8 Rh6 34. Nd7 Bg7 35. Qf7 1-0